Rhodesian tapestry : (Record no. 121413)
[ view plain ]
| 000 -LEADER | |
|---|---|
| fixed length control field | 00924cam a2200253 i 4500 |
| 001 - CONTROL NUMBER | |
| control field | 4178045 |
| 003 - CONTROL NUMBER IDENTIFIER | |
| control field | ARRUPE |
| 005 - DATE AND TIME OF LATEST TRANSACTION | |
| control field | 20141210104849.0 |
| 008 - FIXED-LENGTH DATA ELEMENTS--GENERAL INFORMATION | |
| fixed length control field | 790314s1971 rh a 000 0 eng |
| 010 ## - LIBRARY OF CONGRESS CONTROL NUMBER | |
| LC control number | 79300753 |
| 040 ## - CATALOGING SOURCE | |
| Original cataloging agency | DLC |
| Transcribing agency | DLC |
| Modifying agency | DLC |
| 043 ## - GEOGRAPHIC AREA CODE | |
| Geographic area code | f-rh--- |
| -- | f-mw--- |
| -- | f-za--- |
| 050 00 - LIBRARY OF CONGRESS CALL NUMBER | |
| Classification number | SPC DT948 |
| Item number | .R53 |
| 082 00 - DEWEY DECIMAL CLASSIFICATION NUMBER | |
| Classification number | 968.9/1 |
| 300 ## - PHYSICAL DESCRIPTION | |
| Other physical details | col. ill. ; |
| Dimensions | 22 cm. |
| 245 00 - TITLE STATEMENT | |
| Title | Rhodesian tapestry : |
| Remainder of title | a history in needlework / |
| Statement of responsibility, etc | embroidered by women's institutes of Rhodesia ; text by Oliver Ransford ; compiled by Louis W. Bolze ; colour photography by Graham Whistler. |
| 260 ## - PUBLICATION, DISTRIBUTION, ETC. (IMPRINT) | |
| Place of publication, distribution, etc | Bulawayo : |
| Name of publisher, distributor, etc | Books of Rhodesia Pub. Co., |
| Date of publication, distribution, etc | 1971. |
| 300 ## - PHYSICAL DESCRIPTION | |
| Extent | 95 p. : |
| 650 #0 - SUBJECT ADDED ENTRY--TOPICAL TERM | |
| Topical term or geographic name as entry element | Tapestry |
| Geographic subdivision | Zimbabwe. |
| 9 (RLIN) | 13140 |
| 651 #0 - SUBJECT ADDED ENTRY--GEOGRAPHIC NAME | |
| Geographic name | Zimbabwe |
| General subdivision | History |
| -- | Miscellanea. |
| 9 (RLIN) | 13141 |
| 700 1# - ADDED ENTRY--PERSONAL NAME | |
| Personal name | Ransford, Oliver, |
| Dates associated with a name | 1914- |
| 9 (RLIN) | 9563 |
| 700 1# - ADDED ENTRY--PERSONAL NAME | |
| Personal name | Bolze, Louis W., |
| Dates associated with a name | 1919- |
| 9 (RLIN) | 13142 |
| 906 ## - LOCAL DATA ELEMENT F, LDF (RLIN) | |
| a | 7 |
| b | cbc |
| c | orignew |
| d | 4 |
| e | ncip |
| f | 19 |
| g | y-gencatlg |
| 942 ## - ADDED ENTRY ELEMENTS (KOHA) | |
| Source of classification or shelving scheme | Library of Congress Classification |
| Koha item type | SPC |
| Withdrawn status | Lost status | Source of classification or shelving scheme | Damaged status | Not for loan | Home library | Current library | Shelving location | Date acquired | Total Checkouts | Full call number | Barcode | Date last seen | Price effective from | Koha item type |
|---|---|---|---|---|---|---|---|---|---|---|---|---|---|---|
| Library of Congress Classification | ARRUPE LIBRARY | ARRUPE LIBRARY | Main Collection | 10/12/2014 | SPC DT948 .R53 | 46500003584 | 10/12/2014 | 10/12/2014 | Monograph ( Printed materials) |